000 00795nam a2200241 i 4500
001 000027975
003 DO-SdBNP
005 20250623093023.0
007 ta
008 110406s1962 dr gr 000 | spa d
040 _aDO-SdBNP
_bspa
_cBNPHU
_erda
082 _axxxx
_bS132r
_222
100 1 _aSaillant V., Cesar A
_955036
_eautor
_4aut.
245 1 0 _aRevelaciones a Sánchez Cabral :
_bparticipación de Ramfis Trujillo en el asesinato de los héroes del 30 de mayo de 1961 /
_cCesar A. Saillant V.
264 _aSanto Domingo :
_bEditora del Caribe,
_c1962.
300 _a42 páginas
_c24 cm.
336 _atexto
_btxt
_2rdacontent
337 _asin mediación
_bn
_2rdamedia
338 _atexto
_bnc
_2rdacarrier
590 _aInventariado, 2025/ YL
910 _aYLockward
942 _2ddc
_cLF2
999 _c27467
_d27467